[Event "XIX Czech Chladek & Tintera A Open"]
[Site "Pardubice CEC"]
[Date "2008.07.23"]
[Round "6"]
[White "Gasanov, E."]
[Black "Chuprov, D."]
[Result "1/2-1/2"]
[WhiteElo "2523"]
[BlackElo "2577"]
[PlyCount "95"]
[EventDate "2008.07.18"]
[Source "www.chesslib.no"]
[SourceDate "2004.05.04"]

1. d4 Nf6 2. c4 c5 3. d5 e5 4. Nc3 d6 5. e4 Be7 6. Be2 O-O 7. Nf3 Nbd7 8. O-O Ne8 9. Ne1 g6 10. Nd3 f5 11. f4 Ng7 12. fxe5 Nxe5 13. Nxe5 dxe5 14. Be3 b6 15. Kh1 f4 16. Bg1 h5 17. a3 Rf6 18. Rb1 a5 19. b3 Bd7 20. Na2 Qe8 21. Nc1 g5 22. Nd3 Bf8 23. b4 axb4 24. axb4 cxb4 25. Nxb4 g4 26. Nd3 Ra2 27. Ra1 Ba4 28. Qe1 Rxa1 29. Qxa1 Bc2 30. Qxe5 Qxe5 31. Nxe5 Bxe4 32. Bd3 Bd6 33. Nd7 Bxd3 34. Nxf6+ Kf7 35. Rd1 Be2 36. Re1 f3 37. Ne4 Bc7 38. d6 Bd8 39. c5 bxc5 40. Nxc5 Nf5 41. d7 h4 42. Nb7 fxg2+ 43. Kxg2 Bf3+ 44. Kf1 Bxb7 45. Re8 Ba6+ 46. Ke1 Ba5+ 47. Kd1 Bb5 48. d8=Q 1/2-1/2

[Event "TCh-ROU Superliga"]
[Site "Predeal ROU"]
[Date "2007.10.14"]
[Round "2"]
[White "Kruppa, Y."]
[Black "Vajda, L."]
[Result "0-1"]
[WhiteElo "2533"]
[BlackElo "2564"]
[PlyCount "110"]
[EventDate "2007.10.13"]
[Source "www.chesslib.no"]
[SourceDate "2004.05.04"]

1. d4 Nf6 2. c4 c5 3. d5 e5 4. Nc3 d6 5. e4 Be7 6. Nge2 a6 7. Ng3 h5 8. Be2 h4 9. Nf1 g6 10. a4 Nbd7 11. a5 Kf8 12. Ne3 Rb8 13. O-O Nh5 14. Bxh5 Rxh5 15. Nf5 b6 16. axb6 Nxb6 17. Nxe7 Qxe7 18. b3 Kg7 19. f4 exf4 20. Bxf4 Nd7 21. Ra2 h3 22. g3 Kg8 23. Raf2 Rh7 24. Qc2 Ne5 25. Bxe5 Qxe5 26. Nb1 Bd7 27. Qd3 f5 28. Nd2 Re8 29. Qe3 Rhe7 30. Qh6 Qg7 31. Qxg7+ Kxg7 32. Re2 fxe4 33. Re3 g5 34. Ra1 Bc8 35. Rae1 Bf5 36. Ra1 Ra7 37. g4 Bg6 38. Kf2 Rf8+ 39. Kg3 Raf7 40. Rae1 Rf2 41. R1e2 Rxe2 42. Rxe2 Rf4 43. Kxh3 Kf6 44. Kg3 Ke5 45. Re1 Kd4 46. h3 Kd3 47. Nf1 Rf3+ 48. Kg2 Kd4 49. Ra1 Rxb3 50. Rxa6 e3 51. Ng3 Rb2+ 52. Kg1 Ke5 53. Ra8 Kf4 54. Nh5+ Bxh5 55. gxh5 Rb1+ 0-1

[Event "Pyramiden Franken Cup"]
[Site "Fuerth"]
[Date "1998.??.??"]
[Round "9"]
[White "Gabriel, Christian"]
[Black "Hickl, Joerg"]
[Result "1/2-1/2"]
[WhiteElo "2555"]
[BlackElo "2540"]
[PlyCount "35"]
[EventDate "1998.08.??"]
[Source "www.chesslib.no"]
[SourceDate "2004.05.04"]

1. d4 Nf6 2. c4 c5 3. d5 e5 4. Nc3 d6 5. e4 Be7 6. g3 O-O 7. Bg2 Nbd7 8. Nge2 Ne8 9. O-O g6 10. Bd2 Ng7 11. Nc1 f5 12. Nd3 Nf6 13. f4 fxe4 14. Nxe4 Nxe4 15. Bxe4 exf4 16. Nxf4 Bf6 17. Qe2 Be5 18. Kh1 1/2-1/2

[Event "Masatlan ac"]
[Site "?"]
[Date "1988.??.??"]
[Round "?"]
[White "Novikov, I."]
[Black "Seirawan, Y."]
[Result "0-1"]
[WhiteElo "2500"]
[BlackElo "2595"]
[PlyCount "74"]
[EventDate "1988.??.??"]
[Source "www.chesslib.no"]
[SourceDate "2004.05.04"]

1. d4 Nf6 2. c4 c5 3. d5 e5 4. Nc3 d6 5. e4 Be7 6. g3 O-O 7. Bg2 Ne8 8. Nge2 Nd7 9. O-O g6 10. a3 f5 11. b4 Ng7 12. Rb1 b6 13. Bh6 Nf6 14. bxc5 bxc5 15. Qd2 Ng4 16. Bxg7 Kxg7 17. f4 exf4 18. gxf4 Bf6 19. h3 Nh6 20. Rb3 Ba6 21. Nb5 fxe4 22. Bxe4 Bc8 23. Kh2 Rb8 24. Rfb1 Rb7 25. Nbd4 Rxb3 26. Nxb3 Re8 27. Ng3 Bh4 28. Bd3 Qe7 29. Ne4 Bf5 30. Qc3+ Bf6 31. Nxf6 Qxf6 32. Qxf6+ Kxf6 33. Bxf5 Kxf5 34. Na5 Kxf4 35. Rf1+ Kg5 36. Rf3 Nf5 37. Nc6 a6 0-1

[Event "SWZ-chT9697"]
[Site "SWZ"]
[Date "1997.??.??"]
[Round "?"]
[White "Milov, Vadim"]
[Black "Gheorghiu, Florin"]
[Result "1-0"]
[WhiteElo "2610"]
[BlackElo "2480"]
[PlyCount "81"]
[EventDate "1997.??.??"]
[Source "www.chesslib.no"]
[SourceDate "2004.05.04"]

1. d4 Nf6 2. c4 c5 3. d5 e5 4. Nc3 d6 5. e4 Be7 6. g3 Nbd7 7. Bg2 O-O 8. Nf3 Ne8 9. O-O g6 10. Ne1 Bg5 11. f4 exf4 12. gxf4 Bf6 13. Bd2 Bg7 14. Nf3 Nb6 15. b3 Bg4 16. Qe1 Nd7 17. Qg3 Bxf3 18. Bxf3 a6 19. a4 Nc7 20. Rae1 Re8 21. Bg4 Nf6 22. Bd1 Nd7 23. e5 dxe5 24. f5 Rf8 25. Ne4 Ne8 26. Qh3 Nef6 27. fxg6 fxg6 28. Qe6+ Kh8 29. Nd6 b5 30. Nf7+ Rxf7 31. Qxf7 bxc4 32. bxc4 Qb6 33. Bc3 Re8 34. Bg4 Qb3 35. Bxe5 Rf8 36. Qxf8+ Bxf8 37. Ba1 Bg7 38. Re4 Bh6 39. Bxf6+ Kg8 40. Be6+ Kf8 41. d6 1-0

[Event "Capablanca mem Elite"]
[Site "Havana"]
[Date "1999.05.07"]
[Round "1"]
[White "Vera, Reynaldo"]
[Black "Comas Fabrego, Luis"]
[Result "1/2-1/2"]
[WhiteElo "2547"]
[BlackElo "2541"]
[PlyCount "42"]
[EventDate "1999.05.??"]
[Source "ChessBase"]
[SourceDate "1999.08.01"]

1. d4 Nf6 2. c4 c5 3. d5 e5 4. Nc3 d6 5. e4 Be7 6. Nge2 Nbd7 7. Ng3 h5 8. Bd3 g6 9. f3 a6 10. Rb1 h4 11. Nge2 Nh5 12. g4 Ng7 13. Qd2 O-O 14. a3 Ne8 15. Qh6 Ndf6 16. Rg1 Nh7 17. g5 h3 18. Kd1 Ng7 19. Qh4 f6 20. gxf6 Rxf6 21. Qf2 Qf8 1/2-1/2

[Event "Las Vegas USA"]
[Site "?"]
[Date "2006.06.13"]
[Round "7"]
[White "Mikhalevski Victor"]
[Black "Fontaine Robert"]
[Result "1-0"]
[WhiteElo "2566"]
[BlackElo "2521"]
[PlyCount "101"]
[EventDate "2006.??.??"]
[Source "www.chesslib.no"]
[SourceDate "2004.05.04"]

1. d4 Nf6 2. c4 c5 3. d5 e5 4. Nc3 d6 5. g3 Be7 6. Bg2 O-O 7. Nf3 Ne8 8. e4 a6 9. a4 g6 10. Bh6 Ng7 11. h4 Nd7 12. Ng5 Nf6 13. Bf3 Kh8 14. h5 Ng8 15. hxg6 Nxh6 16. Nxh7 Bg5 17. Nxg5 Qxg5 18. Qd2 Qxd2+ 19. Kxd2 fxg6 20. Rxh6+ Kg8 21. Ke3 Kf7 22. Rb1 Bd7 23. b4 cxb4 24. Rxb4 b5 25. axb5 axb5 26. cxb5 Ra3 27. Rc4 Bxb5 28. Rc7+ Kf6 29. Rh7 Ne8 30. Rc8 Rf7 31. Rxf7+ Kxf7 32. Kd2 Bd7 33. Rb8 Ke7 34. Be2 g5 35. f3 Ra7 36. g4 Rc7 37. Bb5 Rc8 38. Rb7 Rc7 39. Rb6 Bxb5 40. Nxb5 Rd7 41. Kd3 Nf6 42. Rb8 Kf7 43. Kc4 Nh7 44. Kb4 Nf8 45. Ka5 Ng6 46. Kb6 Kg7 47. Rb7 Rxb7+ 48. Kxb7 Nh4 49. Nxd6 Nxf3 50. Nf5+ Kf7 51. d6 1-0

[Event "Creon"]
[Site "?"]
[Date "2006.08.06"]
[Round "9.2"]
[White "Chatalbashev Boris"]
[Black "Nevednichy Vladislav"]
[Result "1-0"]
[WhiteElo "2507"]
[BlackElo "2576"]
[PlyCount "55"]
[EventDate "2006.??.??"]
[Source "www.chesslib.no"]
[SourceDate "2004.05.04"]

1. d4 Nf6 2. c4 c5 3. d5 e5 4. Nc3 d6 5. e4 Be7 6. g3 O-O 7. Bg2 Nbd7 8. Nge2 Ne8 9. O-O g6 10. Bh6 Ng7 11. Qd2 a6 12. a4 Rb8 13. f4 exf4 14. gxf4 Qa5 15. Ng3 Bf6 16. e5 dxe5 17. Nge4 Bd8 18. fxe5 Nxe5 19. Bf4 f6 20. Bxe5 fxe5 21. Rxf8+ Kxf8 22. d6 Be6 23. Ng5 Bxg5 24. Qxg5 Qd8 25. Qxe5 Qh4 26. Ne4 Bxc4 27. Nf6 Be6 28. Rf1 1-0

[Event "Reykjavik Olafsson"]
[Site "Reykjavik"]
[Date "1995.??.??"]
[Round "5"]
[White "Petursson, Margeir"]
[Black "Larsen, Bent"]
[Result "1-0"]
[WhiteElo "2565"]
[BlackElo "2515"]
[PlyCount "121"]
[EventDate "1995.09.??"]
[Source "ChessBase"]

1. d4 Nf6 2. c4 c5 3. d5 e5 4. Nc3 d6 5. e4 g6 6. f3 Bg7 7. Bg5 h6 8. Be3 a6 9. Bd3 Nbd7 10. Nge2 Rb8 11. Qd2 h5 12. O-O-O Qa5 13. Kb1 O-O 14. h4 b5 15. Rdg1 bxc4 16. Bc2 Nh7 17. Ka1 Qb4 18. Rb1 Ndf6 19. Bh6 Bd7 20. Rhg1 Rb7 21. Ng3 Rfb8 22. Bxg7 Kxg7 23. Nf1 Qa5 24. Ne3 Bb5 25. g4 Qd8 26. Qh2 Kh8 27. Rg2 a5 28. Rf1 Ba6 29. Ba4 Rb4 30. g5 Rxa4 31. gxf6 Rab4 32. f4 Qxf6 33. fxe5 Qxe5 34. Qxe5+ dxe5 35. Rxf7 Rf8 36. Rxf8+ Nxf8 37. Rg5 Rb6 38. Rxe5 Rf6 39. a4 Rf3 40. Nc2 Kg8 41. Re8 g5 42. d6 Rd3 43. Nd5 Kf7 44. Re7+ Kg6 45. d7 Nxd7 46. Rxd7 gxh4 47. Nce3 h3 48. Nf5 Rxd5 49. Rxd5 Bb7 50. Nh4+ Kh6 51. Rd2 Kg5 52. Nf3+ Kg4 53. Nh2+ Kf4 54. Rc2 Bc8 55. Rxc4 Kg3 56. Rxc5 Bd7 57. Rc2 Bxa4 58. b3 Bd7 59. e5 Kf4 60. Re2 Bb5 61. Ra2 1-0

[Event "AUS Open"]
[Site "Adelaide AUS"]
[Date "1986.??.??"]
[Round "?"]
[White "Van der Sterren, Paul"]
[Black "Miles, Anthony J"]
[Result "0-1"]
[WhiteElo "2470"]
[BlackElo "2610"]
[PlyCount "82"]
[EventDate "1986.??.??"]
[Source "www.chesslib.no"]
[SourceDate "2004.05.04"]

1. d4 Nf6 2. c4 c5 3. d5 e5 4. Nc3 d6 5. e4 Be7 6. Nf3 Nbd7 7. Bd3 O-O 8. h3 a6 9. g4 Re8 10. Be3 Nf8 11. Qd2 Ng6 12. Ne2 b5 13. cxb5 axb5 14. g5 Nh5 15. Bxb5 Bd7 16. Bc4 Qb8 17. Nc3 Qb4 18. b3 Reb8 19. Qc2 Bd8 20. Bd2 Qb7 21. a4 Qc8 22. O-O-O Nhf4 23. Rdg1 Bxh3 24. Rg3 Bg4 25. Nh4 Nxh4 26. Rxh4 Bh5 27. Bxf4 exf4 28. Rxf4 Bg6 29. Nb5 Qd7 30. Bf1 Rb6 31. Na3 Rb4 32. Nc4 Rab8 33. Bh3 Qe8 34. Bf5 Rxc4 35. Qxc4 Qe5 36. Rff3 Qa1+ 37. Kc2 Qa2+ 38. Kc1 Bh5 39. Rd3 g6 40. Bg4 Rb4 41. Qc2 Bxg5+ 0-1

[Event "ECC"]
[Site "Rethymnon"]
[Date "2003.09.28"]
[Round "1"]
[White "Lautier, Joel"]
[Black "Langner, Ladislav"]
[Result "1-0"]
[WhiteElo "2677"]
[BlackElo "2403"]
[PlyCount "53"]
[EventDate "2003.09.28"]
[Source "Roberto Alvarez"]
[SourceDate "2003.10.06"]

1. d4 Nf6 2. c4 c5 3. d5 e5 4. Nc3 d6 5. e4 Be7 6. Nf3 Nbd7 7. Be2 h6 8. g3 g5 9. h4 g4 10. Nh2 h5 11. Nf1 Nf8 12. a3 Ng6 13. Ne3 Bf8 14. b4 b6 15. Rb1 Bh6 16. bxc5 dxc5 17. Bd3 Ne7 18. O-O Bd7 19. f4 Qc7 20. Bc2 Qd6 21. fxe5 Qxe5 22. Qe1 O-O-O 23. Bb2 Bxe3+ 24. Qxe3 Nf5 25. Rxf5 Bxf5 26. Nb5 Qe7 27. Qf4 1-0

[Event "Biel"]
[Site "Biel"]
[Date "1998.??.??"]
[Round "2"]
[White "Pelletier, Yannick"]
[Black "Hickl, Joerg"]
[Result "0-1"]
[WhiteElo "2515"]
[BlackElo "2555"]
[PlyCount "90"]
[EventDate "1998.07.??"]
[Source "www.chesslib.no"]
[SourceDate "2004.05.04"]

1. d4 Nf6 2. c4 c5 3. d5 e5 4. Nc3 d6 5. e4 Be7 6. g3 O-O 7. Bg2 Na6 8. Nf3 Nc7 9. O-O a6 10. a4 b6 11. Ne1 Rb8 12. Nd3 b5 13. b3 Nd7 14. Qc2 Bf6 15. Be3 bxc4 16. bxc4 Nb6 17. Nb1 Re8 18. Nd2 a5 19. Nb3 Na6 20. Nxa5 Nxd5 21. Bd2 Ne7 22. Rfd1 Qc7 23. Rab1 Bg4 24. Rxb8 Nxb8 25. f3 Be6 26. Rb1 Nec6 27. Nxc6 Nxc6 28. Ne1 Ra8 29. Bf1 h6 30. Bc3 Bg5 31. Ng2 Qa7 32. Ra1 Nd4 33. Qd1 h5 34. h4 Bh6 35. Bd3 Rb8 36. g4 hxg4 37. fxg4 Bf4 38. Bf1 Qd7 39. Nxf4 exf4 40. Bxd4 Bxg4 41. Bh3 Bxh3 42. Bc3 d5 43. cxd5 Rb6 44. Ra2 Rg6+ 45. Kh1 Rg3 0-1

[Event "Salta Clarin Open"]
[Site "Salta"]
[Date "1995.??.??"]
[Round "8"]
[White "Sorin, Ariel"]
[Black "Milos, Gilberto"]
[Result "1-0"]
[WhiteElo "2505"]
[BlackElo "2560"]
[PlyCount "99"]
[EventDate "1995.??.??"]
[Source "www.chesslib.no"]
[SourceDate "2004.05.04"]

1. d4 Nf6 2. c4 c5 3. d5 e5 4. Nc3 d6 5. e4 Be7 6. Nf3 Nbd7 7. Bd3 Nf8 8. Rb1 Ng6 9. g3 O-O 10. a3 Bg4 11. h3 Bd7 12. b4 b6 13. Kf1 Qc8 14. Kg2 h5 15. Ne1 h4 16. Nc2 Nh7 17. Ne3 Bg5 18. Nf5 Bxc1 19. Qxc1 Qd8 20. Ne2 Qf6 21. Re1 Bxf5 22. exf5 Ne7 23. Qc2 g6 24. bxc5 bxc5 25. f4 exf4 26. fxg6 Rab8 27. Rf1 fxg6 28. Rxf4 Qe5 29. Rxb8 Rxb8 30. Re4 Qg7 31. Qa4 Nf5 32. Re8+ Rxe8 33. Qxe8+ Nf8 34. Bxf5 gxf5 35. Qh5 Qe7 36. gxh4 Qe4+ 37. Kf2 Qxc4 38. Qg5+ Kh8 39. Qf6+ Kg8 40. Qxd6 Qxh4+ 41. Qg3+ Qxg3+ 42. Nxg3 Kf7 43. Nxf5 Kf6 44. Ne3 Ke5 45. h4 Nd7 46. Kf3 c4 47. h5 c3 48. Ke2 Kf6 49. h6 Kg6 50. Nf5 1-0

[Event "Elista ol (Men)"]
[Site "Elista"]
[Date "1998.09.30"]
[Round "2"]
[White "Sadler, Matthew"]
[Black "West, Guy"]
[Result "1-0"]
[WhiteElo "2660"]
[BlackElo "2405"]
[PlyCount "89"]
[EventDate "1998.09.29"]
[Source "ChessBase"]
[SourceDate "1998.11.06"]

1. d4 Nf6 2. c4 c5 3. d5 e5 4. Nc3 d6 5. e4 Nbd7 6. Bd3 g6 7. Nge2 h5 8. h4 Bh6 9. Bxh6 Rxh6 10. Qd2 Rh8 11. Nd1 Kf8 12. f3 Kg7 13. Ne3 a6 14. Nc3 Ne8 15. a4 Ndf6 16. a5 Bd7 17. Ke2 Rb8 18. b3 Nc7 19. Bc2 b5 20. axb6 Rxb6 21. Ncd1 Qe7 22. Nf2 Rbb8 23. Qc3 Rhc8 24. g3 Kg8 25. Kd2 Nfe8 26. f4 Qf6 27. Nd3 exf4 28. gxf4 Qxc3+ 29. Kxc3 Nf6 30. e5 Ne4+ 31. Kb2 Rb6 32. Rh2 Re8 33. Ra5 Bc8 34. Kc1 f6 35. exd6 Nxd6 36. Rxc5 Ncb5 37. cxb5 Rxe3 38. Rc6 Rxc6 39. bxc6 Bf5 40. Nc5 Rc3 41. Nb7 Nb5 42. Kb2 Bxc2 43. Rxc2 Rxc2+ 44. Kxc2 g5 45. Kd3 1-0

[Event "SUI-chT Zuerich-Luzern"]
[Site "Svizzera"]
[Date "2007.04.22"]
[Round "3.1"]
[White "Kortschnoj, Viktor"]
[Black "Atlas, Valery"]
[Result "1/2-1/2"]
[WhiteElo "2606"]
[BlackElo "2453"]
[PlyCount "65"]
[EventDate "2007.02.25"]
[Source "www.chesslib.no"]
[SourceDate "2004.05.04"]

1. d4 Nf6 2. c4 c5 3. d5 e5 4. Nc3 d6 5. e4 Be7 6. g3 O-O 7. Bh3 Nbd7 8. Qe2 Ne8 9. Bd2 a6 10. a4 Rb8 11. Kd1 Nc7 12. Kc2 b5 13. axb5 axb5 14. cxb5 Nb6 15. Ra3 Bxh3 16. Nxh3 Qd7 17. g4 Rb7 18. Rb1 Rfb8 19. b4 Nc8 20. bxc5 dxc5 21. Ra5 Nd6 22. b6 Rxb6 23. Rxb6 Rxb6 24. Be3 Rb8 25. Ra7 c4 26. Kd1 Nxe4 27. Nxe4 Qxd5+ 28. Nd2 Nb5 29. Qxc4 Qh1+ 30. Ke2 Nxa7 31. Bxa7 Ra8 32. Be3 h6 33. Qe4 1/2-1/2

[Event "Open, Le Touquet FRA"]
[Site "?"]
[Date "2001.??.??"]
[Round "?"]
[White "Roeder, M."]
[Black "Degraeve, JM."]
[Result "1-0"]
[WhiteElo "2465"]
[BlackElo "2585"]
[PlyCount "57"]
[EventDate "2001.??.??"]
[Source "www.chesslib.no"]
[SourceDate "2004.05.04"]

1. d4 Nf6 2. c4 c5 3. d5 e5 4. Nc3 d6 5. e4 g6 6. Bd3 Bg7 7. Nge2 O-O 8. h3 Na6 9. a3 Nc7 10. Be3 Bd7 11. Qd2 b6 12. Ng3 Rb8 13. O-O h5 14. f4 exf4 15. Bxf4 Qe7 16. e5 dxe5 17. Bg5 Nce8 18. Rf2 b5 19. Raf1 Rb6 20. cxb5 Qd6 21. Bxf6 Nxf6 22. Rxf6 Bxf6 23. Nge4 Qe7 24. d6 Rxd6 25. Rxf6 Rd4 26. Qg5 Re8 27. Be2 Kh7 28. Bxh5 Bf5 29. Rxf5 1-0

[Event "JUG"]
[Site "?"]
[Date "1971.??.??"]
[Round "?"]
[White "Bukic, Enver"]
[Black "Ivkov, Borislav"]
[Result "1/2-1/2"]
[WhiteElo "2480"]
[BlackElo "2570"]
[PlyCount "118"]
[EventDate "1971.??.??"]
[Source "www.chesslib.no"]
[SourceDate "2004.05.04"]

1. d4 Nf6 2. c4 c5 3. d5 e5 4. Nc3 d6 5. e4 Be7 6. g3 O-O 7. Bg2 Nbd7 8. Nf3 b5 9. cxb5 a6 10. Nd2 axb5 11. Nxb5 Ba6 12. Bf1 Nb6 13. Nc3 Bxf1 14. Kxf1 Qd7 15. Kg2 Ne8 16. Qe2 f5 17. f3 Bg5 18. Nc4 Nxc4 19. Bxg5 Nb6 20. b3 h6 21. Bd2 Nf6 22. a4 Rab8 23. Rab1 Nc8 24. Nd1 Qf7 25. Nf2 Ne7 26. Rhd1 Qh5 27. Re1 Qe8 28. b4 fxe4 29. fxe4 Qxa4 30. bxc5 dxc5 31. Ra1 Qd7 32. Bc3 Ng6 33. Nd3 Qc7 34. Ra6 c4 35. Nf2 Rbc8 36. Rea1 Qd7 37. Ra7 Qb5 38. Ng4 Nxg4 39. Qxg4 Qb6 40. Kh1 Qf6 41. R7a6 Qf3+ 42. Qxf3 Rxf3 43. Rxg6 Rxc3 44. Ra7 Rc2 45. Rgxg7+ Kh8 46. d6 Rd8 47. Rgd7 Rxd7 48. Rxd7 Rd2 49. Rc7 Rxd6 50. Rxc4 Kg7 51. Kg2 Rd2+ 52. Kh3 Re2 53. g4 Kg6 54. Kg3 h5 55. Rc6+ Kf7 56. Kf3 Rxh2 57. gxh5 Rxh5 58. Kg4 Rh1 59. Kg5 Rf1 1/2-1/2

[Event "Corr"]
[Site "?"]
[Date "2002.09.15"]
[Round "?"]
[White "Branding Gerd (GER)"]
[Black "Mascarenhas Alberto Pinheiro "]
[Result "1-0"]
[WhiteElo "2553"]
[BlackElo "2495"]
[PlyCount "73"]
[EventDate "2002.??.??"]
[Source "www.chesslib.no"]
[SourceDate "2004.05.04"]

1. d4 Nf6 2. c4 c5 3. d5 e5 4. Nc3 d6 5. e4 Nbd7 6. Nf3 Be7 7. Be2 O-O 8. O-O Ne8 9. a3 Kh8 10. b4 g6 11. Bh6 Ng7 12. Qd2 b6 13. Rad1 f6 14. Ne1 f5 15. exf5 gxf5 16. f4 e4 17. Nc2 Rf6 18. Bxg7+ Kxg7 19. Ne3 cxb4 20. axb4 a5 21. Ra1 Nf8 22. g4 Rf7 23. gxf5 Bf6 24. Bh5 Re7 25. Ng4 Nd7 26. Rae1 e3 27. Rxe3 Rxe3 28. Qxe3 axb4 29. Nb5 Qe7 30. Qe6 Nc5 31. Qxe7+ Bxe7 32. Nc7 Bb7 33. Nxa8 Bxa8 34. Rb1 b3 35. f6+ Bxf6 36. Nxf6 Kxf6 37. Kf2 1-0

[Event "otb"]
[Site "otb"]
[Date "2007.05.21"]
[Round "5.1"]
[White "Hulak Krunoslav"]
[Black "Saric Ibro"]
[Result "1-0"]
[WhiteElo "2539"]
[BlackElo "2507"]
[PlyCount "53"]
[Source "www.chesslib.no"]
[SourceDate "2004.05.04"]

1. d4 Nf6 2. c4 c5 3. d5 e5 4. Nc3 d6 5. e4 g6 6. Be2 h5 7. f4 exf4 8. Bxf4 Qe7 9. Qa4+ Bd7 10. Qc2 Bh6 11. Bxh6 Rxh6 12. Nf3 Ng4 13. O-O f6 14. Qd2 g5 15. e5 dxe5 16. Ne4 Na6 17. h3 O-O-O 18. hxg4 hxg4 19. Nh2 f5 20. Nxg4 fxg4 21. Qxg5 Qh7 22. Nf6 Rh1+ 23. Kf2 Rxf1+ 24. Rxf1 Qc2 25. Qxe5 g3+ 26. Kg1 Rf8 27. Qe7 1-0

[Event "It (Open) Tehran IRI"]
[Site "?"]
[Date "2006.01.28"]
[Round "6"]
[White "Neverov Valeriy"]
[Black "Kasparov Sergey"]
[Result "1/2-1/2"]
[WhiteElo "2554"]
[BlackElo "2491"]
[PlyCount "133"]
[EventDate "2006.??.??"]
[Source "www.chesslib.no"]
[SourceDate "2004.05.04"]

1. d4 Nf6 2. c4 c5 3. d5 e5 4. Nc3 d6 5. g3 Be7 6. Bg2 Na6 7. Nf3 Nc7 8. O-O O-O 9. Ne1 Nfe8 10. e4 f5 11. Nd3 fxe4 12. Nxe4 Bf5 13. b3 Nf6 14. Qe2 Rb8 15. Bb2 Qd7 16. a4 b6 17. Rae1 Rbe8 18. Bc3 a5 19. Qd2 Bd8 20. Nxf6+ Bxf6 21. f3 h6 22. Nf2 Bg5 23. Qd1 Rf7 24. Ne4 Bd8 25. f4 exf4 26. Rxf4 Ref8 27. Rxf5 Rxf5 28. Bh3 Ne8 29. Bxf5 Qxf5 30. Qe2 Kh8 31. Kg2 Qg6 32. Rf1 Rxf1 33. Kxf1 Kh7 34. Qf3 Be7 35. Ke2 Kg8 36. h3 h5 37. g4 hxg4 38. hxg4 Bf6 39. Bd2 Be5 40. g5 Qf7 41. Qg4 g6 42. Bc3 Bxc3 43. Nxc3 Qe7+ 44. Kd3 Ng7 45. Ne4 Nf5 46. Qh3 Kf7 47. Qh7+ Ng7 48. Nf6 Qd8 49. Kd2 Qc8 50. Kc3 Qd8 51. Kb2 Qc8 52. Ka3 Qd8 53. Qh3 Nf5 54. Qh2 Ng7 55. Ne4 Nf5 56. Qh3 Qe7 57. Nf6 Qd8 58. Ka2 Ng7 59. Qh7 Qc8 60. Ne4 Qd8 61. Qh2 Nf5 62. Qf4 Qe7 63. Ng3 Qd7 64. Kb2 Ke7 65. Ne4 Kd8 66. Qh2 Kc7 67. Qf4 1/2-1/2

[Event "TCh-AUT 1st Bundesliga 2007-8"]
[Site "Baden AUT"]
[Date "2007.11.30"]
[Round "1"]
[White "Hulak, K."]
[Black "Atlas, V."]
[Result "1-0"]
[WhiteElo "2562"]
[BlackElo "2482"]
[PlyCount "151"]
[EventDate "2007.11.30"]
[Source "www.chesslib.no"]
[SourceDate "2004.05.04"]

1. d4 Nf6 2. c4 c5 3. d5 e5 4. Nc3 d6 5. e4 Be7 6. Be2 Nbd7 7. Nf3 O-O 8. O-O a6 9. a4 Ne8 10. a5 g6 11. Bh6 Ng7 12. Qd2 Nf6 13. Ne1 Kh8 14. Nd3 Ng8 15. Be3 f5 16. f3 Nf6 17. b4 cxb4 18. Nxb4 Nd7 19. Nd3 Ne8 20. Na4 Nef6 21. exf5 gxf5 22. Qb2 f4 23. Bd2 Rg8 24. Bc3 Rg7 25. Rfe1 Rb8 26. Bf1 Bf8 27. Rad1 b5 28. axb6 Nxb6 29. Nxb6 Qxb6+ 30. Qxb6 Rxb6 31. Nxf4 Rb3 32. Ne2 Rc7 33. Ba1 Bg7 34. Ng3 Kg8 35. Rb1 Rxb1 36. Rxb1 Rb7 37. Rxb7 Bxb7 38. Nf5 Bf8 39. Bc3 Nd7 40. Ba5 Nf6 41. Bd3 Bc8 42. g4 Nd7 43. Bc2 Nc5 44. Bc7 Bxf5 45. Bxf5 Be7 46. Kf2 h6 47. Ke2 Kf7 48. Kd1 Kf6 49. h4 Nb3 50. Bc2 Nd4 51. Be4 Nb3 52. Kc2 Nc5 53. Kc3 Nb7 54. Bf5 Kf7 55. Bc8 Nc5 56. Bf5 Nb7 57. Kb4 Nc5 58. h5 Nb7 59. Bc8 Nc5 60. Ka5 Kf6 61. Kb6 e4 62. fxe4 Nxe4 63. Kxa6 Ke5 64. Kb5 Bf8 65. Kc6 Kd4 66. Bf5 Nd2 67. c5 dxc5 68. d6 Nc4 69. d7 Be7 70. d8=Q+ Bxd8 71. Bxd8 Ne5+ 72. Kb5 Nf7 73. Bf6+ Kd5 74. Bg6 Nd6+ 75. Ka4 Ke6 76. Bg7 1-0

[Event "SSDF 40-2, DK Bramming"]
[Site "?"]
[Date "1999.03.22"]
[Round "31"]
[White "Nimzo 99 P200MMX 47MB"]
[Black "Rebel 9 P200MMX 60MB"]
[Result "1/2-1/2"]
[WhiteElo "2520"]
[BlackElo "2524"]
[PlyCount "178"]
[EventDate "1999.??.??"]
[Source "www.chesslib.no"]
[SourceDate "2004.05.04"]

1. d4 Nf6 2. c4 c5 3. d5 e5 4. Nc3 d6 5. e4 g6 6. Bd3 Bg7 7. Nge2 a6 8. f3 Nbd7 9. Bg5 h6 10. Be3 O-O 11. a4 b6 12. O-O Bb7 13. Rc1 Kh7 14. a5 bxa5 15. Ra1 Rb8 16. Qd2 Ng8 17. Ra3 Ne7 18. Ng3 Nb6 19. Rfa1 f5 20. exf5 Nxf5 21. Nxf5 gxf5 22. g4 Bc8 23. Rxa5 Qe8 24. h3 Qg6 25. h4 Qf6 26. Qh2 Qe7 27. g5 Qf7 28. Qg3 Rg8 29. R5a3 Bf6 30. f4 e4 31. Be2 Qg7 32. Kh1 Na8 33. R1a2 Kh8 34. Bc1 Bb7 35. Rb3 Bd4 36. Raa3 Nc7 37. h5 Rge8 38. Qh3 Rf8 39. g6 Qd7 40. Bd2 Rfe8 41. Nd1 Rg8 42. Ne3 Rgf8 43. Nc2 Na8 44. Bc3 Qg7 45. Ne3 Qd7 46. Kh2 Kg8 47. Nc2 Bxc3 48. Qxc3 Nc7 49. Ne3 Qe7 50. Qe1 Qd8 51. Qa5 Qh4+ 52. Kg1 Na8 53. Qa4 Rfd8 54. Nxf5 Qxf4 55. Ne3 Rf8 56. Nd1 Qd2 57. Re3 Qe1+ 58. Kg2 Bc8 59. Qc2 Rf5 60. Qxe4 Rg5+ 61. Bg4 Qd2+ 62. Re2 Bxg4 63. Rxd2 Bf5+ 64. Kf3 Bxe4+ 65. Kxe4 Rxh5 66. Rxa6 Nb6 67. Ne3 Re5+ 68. Kd3 Rxe3+ 69. Kxe3 Nxc4+ 70. Ke2 Nxd2 71. Kxd2 Rd8 72. Ra7 Rf8 73. Rh7 Rf5 74. Rxh6 Rxd5+ 75. Kc3 Kg7 76. Rh1 Rg5 77. Kc4 Rg2 78. b3 Rg4+ 79. Kd5 Rd4+ 80. Ke6 Kxg6 81. Rh8 Kg5 82. Rd8 Kf4 83. Rxd6 Ke4 84. Rd7 Rxd7 85. Kxd7 Kd5 86. Kc7 Ke5 87. Kc6 Kd4 88. Kd6 c4 89. bxc4 Kxc4 1/2-1/2

[Event "Calviá ol (Men)"]
[Site "Mallorca"]
[Date "2004.10.17"]
[Round "3.24"]
[White "Vanderstricht, Geert"]
[Black "Berkes, Ferenc"]
[Result "0-1"]
[WhiteElo "2413"]
[BlackElo "2630"]
[PlyCount "94"]
[EventDate "2004.10.15"]
[Source "Roberto Alvarez"]
[SourceDate "2004.10.18"]

1. d4 Nf6 2. c4 c5 3. d5 e5 4. Nc3 d6 5. e4 Be7 6. h3 Nbd7 7. Bd3 Nf8 8. Nf3 Ng6 9. b4 cxb4 10. Qa4+ Nd7 11. Qxb4 O-O 12. O-O Nc5 13. Bc2 f5 14. Be3 Na6 15. Qb1 f4 16. Bc1 Nh4 17. Bd1 Qe8 18. Nxh4 Bxh4 19. Qd3 Nc5 20. Qf3 Bd8 21. a4 Ba5 22. Nb5 Qg6 23. Ba3 Nxe4 24. Bc2 Bf5 25. Bxe4 Bxe4 26. Qg4 Rf6 27. Qxg6 Rxg6 28. f3 Bd3 29. Nxd6 Bb6+ 30. Kh2 Bd4 31. c5 Bxf1 32. Rxf1 Rd8 33. Rb1 Bxc5 34. Bxc5 b6 35. Nf5 bxc5 36. Ne7+ Kf7 37. Rb7 Ra6 38. Nc6+ Ke8 39. Re7+ Kf8 40. Rxe5 Rxd5 41. Rxd5 Rxc6 42. Rf5+ Ke7 43. Rxf4 c4 44. Re4+ Kd6 45. Kg3 c3 46. Re1 Kc5 47. Kf2 Kb4 0-1

[Event "Olimpiadi 2008 - open"]
[Site "Dresda GER"]
[Date "2008.11.16"]
[Round "4"]
[White "Schandorff, L."]
[Black "Abdulla, AlR"]
[Result "1/2-1/2"]
[WhiteElo "2520"]
[BlackElo "2522"]
[PlyCount "92"]
[EventDate "2008.11.13"]
[Source "www.chesslib.no"]
[SourceDate "2004.05.04"]

1. d4 Nf6 2. c4 c5 3. d5 e5 4. Nc3 d6 5. e4 Nbd7 6. Nf3 Be7 7. g3 O-O 8. Bg2 a6 9. a4 Ne8 10. O-O g6 11. Ne1 Ng7 12. Nd3 f5 13. Bd2 fxe4 14. Nxe4 Nf6 15. a5 Nxe4 16. Bxe4 Bf5 17. Qe2 b5 18. axb6 Qxb6 19. Ra3 Bd7 20. Ba5 Qa7 21. Bc3 Nf5 22. Rfa1 Bf6 23. Kg2 Qb6 24. Qd1 Bc8 25. R1a2 Qc7 26. Qe2 Rb8 27. Ra1 Bg7 28. Rc1 Qd7 29. Kg1 Bh6 30. Rd1 Nd4 31. Bxd4 exd4 32. Re1 Bb7 33. Raa1 Rbe8 34. Qc2 Qg4 35. Bg2 Bc8 36. Rxe8 Rxe8 37. Re1 Rxe1+ 38. Nxe1 Bf5 39. Nd3 Qg5 40. Qe2 Qd8 41. Bf3 Qc8 42. h4 Qd7 43. g4 Bxd3 44. Qxd3 Bf4 45. Qe4 Be5 46. b3 Qf7 1/2-1/2